Graber,s Text book of Orthodontics / (Record no. 10952)
[ view plain ]
| 000 -LEADER | |
|---|---|
| fixed length control field | 00459nam a22001577a 4500 |
| 020 ## - INTERNATIONAL STANDARD BOOK NUMBER | |
| International Standard Book Number | 9788131216798 |
| 082 ## - DEWEY DECIMAL CLASSIFICATION NUMBER | |
| Classification number | 614.64 |
| Author Mark | KUM |
| 100 ## - MAIN ENTRY--PERSONAL NAME | |
| Author Name | Kumar Prem Sridhar |
| 245 ## - TITLE STATEMENT | |
| Title | Graber,s Text book of Orthodontics / |
| Subtitle | By Kumar Prem Sridhar |
| 250 ## - EDITION STATEMENT | |
| Edition statement | 4th |
| 260 ## - PUBLICATION, DISTRIBUTION, ETC. | |
| Place of publication, distribution, etc. | India |
| Name of publisher, distributor, etc. | Elsevier |
| Date of publication, distribution, etc. | 2005 |
| 300 ## - PHYSICAL DESCRIPTION | |
| No of Pages | 752 |
| illustrations | Ill |
| Dimensions | 25cm |
| 504 ## - BIBLIOGRAPHY, ETC. NOTE | |
| Bibliography, Index, etc. note | Including Index, Ill |
| 650 ## - SUBJECT ADDED ENTRY--TOPICAL TERM | |
| Subject | Dentistry, Orthodontics |
| Keywords | Orthopedic |
| -- | Dental surgery |
| -- | IDH |
| 942 ## - ADDED ENTRY ELEMENTS (KOHA) | |
| Source of classification or shelving scheme | |
| Koha item type | Books |
| 952 ## - LOCATION AND ITEM INFORMATION (KOHA) | |
| -- | 2019-05-28 |
| Item status | Home library | Current library | Shelving location | Date acquired | Total Checkouts | Full call number | Barcode | Date last seen | Koha item type |
|---|---|---|---|---|---|---|---|---|---|
| Islamabad Dental Hospital | Islamabad Dental Hospital | Islamabad Dental Hospital | 28/05/2019 | 614.64 KUM | D-09 | 28/05/2019 | Books |
